000 00674nam a22001815i 4500
001 163540
003 ES-MaACL
005 20230906212747.0
008 010528s1881 sp |||| | spa d
040 _aCAM
_bspa
_cCAM
100 1 _aRio, José Antonio del.
_9131830
245 1 0 _aMarinos ilustres de la provincia de Santander
_b: por José Antonio y Alfredo del Rio.
260 _aSantander :
_b[s.n.],
_c1881 (
_fImp. y lit. de J.M. Martinez)
300 _aX, 575 [i.e. 475] p. ;
_c22 cm.
650 4 _aMarineros-
_zSantander-
_xBiografías.
_9136469
700 1 1 _aRio, Alfredo del.
_9131829
852 _aES-MaACL
_jF-6055
_z-- Enc. hol.
_z-- Duplicado en varios registros
999 _c163540
_d163540